000
00352nam a2200157Ia 4500
003
OSt
005
20240120162549.0
008
170524s9999 xx 000 0 und d
020
_a
9788177583649
040
_c
IIMTU
100
_a
Arora R K
245
0
_a
Fluid Mechanics and hydrilic machine
260
_b
Standard
260
_c
2007
942
_2
ddc
_c
02
999
_c
5640
_d
5640